| 000 | 00558cam a2200193 a 4500 | ||
|---|---|---|---|
| 040 | _cCaPaEBR | ||
| 082 | 0 | 4 | _a362 WOR 2009 A013 Or. |
| 245 | 0 | 0 | _aReforming China's rural health system |
| 260 |
_aWashington, DC : _bWorld Bank, _cc2009. |
||
| 300 |
_axxi, 248 p. : _bill. ; _c23 cm. |
||
| 490 | 1 | _aDirections in development | |
| 650 | 0 | _aRural health services | |
| 650 | 0 | _aHealth care reform | |
| 700 | 1 | _aWagstaff, Adam. | |
| 710 | 2 | _aWorld Bank. | |
| 710 | 2 | _aebrary, Inc. | |
| 856 | 4 | 0 | _uhttp://site.ebrary.com/lib/yale/Doc?id=10369837 |
| 942 | _cEK | ||
| 999 |
_c13139 _d13139 |
||